| 000 | 00677nam a2200145Ia 4500 | ||
|---|---|---|---|
| 008 | 090122s9999 xx 000 0 und d | ||
| 082 | _b9821 | ||
| 100 |
_aगाला _b/ _cतोडकर |
||
| 245 | _aस्वत:च स्वत:चे डॉक्टर बनण्यासाठी अॅक्युप्रेशर | ||
| 600 | _aगाला | ||
| 630 | _aस्वत:च स्वत:चे डॉक्टर बनण्यासाठी अॅक्युप्रेशर | ||
| 700 | _aगाला | ||
| 730 | _aस्वत:च स्वत:चे डॉक्टर बनण्यासाठी अॅक्युप्रेशर | ||
| 942 | _cBOOK | ||
| 999 |
_c33898 _d33898 |
||